Obálka Náhled e-knihy:
PDF Epub
Pro půjčování e-knih musíte být přihlášeni.
Jak si půjčit online?

Valentýnka na Šumavě /

Nevšední dobrodružství v nevšedním kraji. Pokračování příběhů o svérázné holčičce Valentýnce a jejích kamarádech.

Uloženo v:
Série:Valentýnka, část 7
Hlavní autor: Peroutková, Ivana, 1960- (Autor)
Další autoři: Knechtlová, Ivona (Autor)
Médium: E-kniha
Jazyk:Czech
Vydáno: V Praze : Albatros, 2025
Vydání:1. vydání
Témata:
Příbuzné jednotky:Z cyklu:: Valentýnka
Tagy:
Žádné tagy
LEADER 02310nam a2200457 i 4500
001 312710
003 CZ PrSKC
005 20260601215727.0
007 ta
008 250429s2025 xr a b 000 j cze
015 |a cnb003683689 
020 |a 9788000077109  |q (vázáno) :  |c Kč 269,00 
035 |a (OCoLC)1522999759 
040 |a ABG001  |b cze  |e rda 
072 7 |a 821.162.3-3  |x Česká próza  |2 Konspekt 
072 7 |a 821-93  |x Literatura pro děti a mládež (beletrie)  |2 Konspekt 
080 |a 821.162.3-32  |2 MRF 
080 |a 821-93  |2 MRF 
080 |a (0:82-32)  |2 MRF 
100 1 |a Peroutková, Ivana,  |d 1960-  |7 jn20000401963  |4 aut 
245 1 0 |a Valentýnka na Šumavě /  |c Ivana Peroutková ; ilustrovala Ivona Knechtlová 
250 |a 1. vydání 
264 1 |a V Praze :  |b Albatros,  |c 2025 
300 |a 113 stran :  |b barevné ilustrace ;  |c 22 cm 
336 |a text  |b txt  |2 rdacontent 
337 |a bez média  |b n  |2 rdamedia 
338 |a svazek  |b nc  |2 rdacarrier 
520 2 |a Nevšední dobrodružství v nevšedním kraji. Pokračování příběhů o svérázné holčičce Valentýnce a jejích kamarádech.  |b Valentýnka s Aničkou a se společnou kamarádkou Zuzkou vyrážejí na Šumavu, kde hodlají strávit prodloužené podzimní prázdniny. Spolu s babičkami a peruánským naháčem Hugem poznávají krásnou i drsnou přírodu, která ukrývá nejedno tajemství - a také pověsti o močálech a bludičkách. Nakladatelská anotace. Kráceno. 
521 8 |a Pro čtenáře od 7 let 
655 7 |a české příběhy  |7 fd133973  |2 czenas 
655 7 |a publikace pro děti  |7 fd133156  |2 czenas 
655 9 |a Czech stories  |2 eczenas 
655 9 |a children's literature  |2 eczenas 
700 1 |a Knechtlová, Ivona  |7 xx0219266  |4 ill 
787 0 8 |i Z cyklu:  |t Valentýnka  |g 7 
900 |a ABA001  |b 20 
928 9 |a Albatros Media - Albatros 
044 |a xr 
910 |a RBIT002 
998 |d 420221  |a https://core.palmknihy.cz/api/books/420221/cover?svmpwm  |b https://core.palmknihy.cz/api/books/420221/cover/400?svmpwm  |c https://core.palmknihy.cz/api/books/420221/cover/50?svmpwm  |e 2034-12-31  |g 120  |i 9788000077109  |j https://core.palmknihy.cz/api/books/420221/preview.epub  |k https://core.palmknihy.cz/api/books/420221/preview.pdf  |l   |q 49  |r 1  |s https://www.palmknihy.cz/kniha/420221  |t ebook  |y 2025  |z 0 
999 |d 312708